Spectral distributions of Vavilov–Cerenkov radiation of relativistic heavy ions with allowance for their slowing-down in a radiator; Russian Physics Journal; Vol. 56, iss. 4

التفاصيل البيبلوغرافية
Parent link:Russian Physics Journal.— , 1965-
Vol. 56, iss. 4.— 2013.— [P. 456-462]
المؤلف الرئيسي: Fiks E. I. Elena Ivanovna
مؤلف مشترك: Национальный исследовательский Томский политехнический университет (ТПУ) Физико-технический институт (ФТИ) Кафедра экспериментальной физики (ЭФ)
مؤلفون آخرون: Pivovarov Yu. L. Yuriy Leonidovich
الملخص:Title screen
It is shown that taking account of slowing-down of relativistic heavy ions in a solid-state radiator leads to the appearance of a diffraction-like structure in the spectral distributions of Vavilov–Cerenkov radiation with width proportional to the stopping power and thickness of the radiator.
Режим доступа: по договору с организацией-держателем ресурса
اللغة:الإنجليزية
منشور في: 2013
الموضوعات:
الوصول للمادة أونلاين:http://dx.doi.org/10.1007/s11182-013-0055-z
التنسيق: MixedMaterials الكتروني فصل الكتاب
KOHA link:https://koha.lib.tpu.ru/cgi-bin/koha/opac-detail.pl?biblionumber=654981

MARC

LEADER 00000naa0a2200000 4500
001 654981
005 20250313150928.0
035 |a (RuTPU)RU\TPU\network\20755 
090 |a 654981 
100 |a 20170606d2013 k||y0rusy50 ba 
101 0 |a eng 
135 |a drcn ---uucaa 
181 0 |a i  
182 0 |a b 
200 1 |a Spectral distributions of Vavilov–Cerenkov radiation of relativistic heavy ions with allowance for their slowing-down in a radiator  |f E. I. Fiks, Yu. L. Pivovarov 
203 |a Text  |c electronic 
300 |a Title screen 
320 |a [References: 15 tit.] 
330 |a It is shown that taking account of slowing-down of relativistic heavy ions in a solid-state radiator leads to the appearance of a diffraction-like structure in the spectral distributions of Vavilov–Cerenkov radiation with width proportional to the stopping power and thickness of the radiator. 
333 |a Режим доступа: по договору с организацией-держателем ресурса 
461 |t Russian Physics Journal  |d 1965- 
463 |t Vol. 56, iss. 4  |v [P. 456-462]  |d 2013 
610 1 |a электронный ресурс 
610 1 |a труды учёных ТПУ 
610 1 |a плотность потока 
610 1 |a излучение 
610 1 |a излучение Вавилова-Черенкова 
610 1 |a релятивистские ионы 
700 1 |a Fiks  |b E. I.  |c physicist  |c engineer-researcher of Tomsk Polytechnic University, candidate of physico-mathematical Sciences  |f 1988-  |g Elena Ivanovna  |3 (RuTPU)RU\TPU\pers\33634 
701 1 |a Pivovarov  |b Yu. L.  |c physicist  |c professor of Tomsk Polytechnic University  |f 1953-  |g Yuriy Leonidovich  |3 (RuTPU)RU\TPU\pers\31522 
712 0 2 |a Национальный исследовательский Томский политехнический университет (ТПУ)  |b Физико-технический институт (ФТИ)  |b Кафедра экспериментальной физики (ЭФ)  |3 (RuTPU)RU\TPU\col\21255 
801 2 |a RU  |b 63413507  |c 20170606  |g RCR 
856 4 0 |u http://dx.doi.org/10.1007/s11182-013-0055-z 
942 |c CF